El resurgimiento de la xenofobia y la crisis del multiculturalismo: una lectura desde el psicoanálisis /
Este artículo pretende abordar el tema de la xenofobia partiendo de los aportes de la teoría psicoanalítica freudiana y lacaniana, así como de la propuesta de la democracia agonística de Mouffe. Se propone una interpretación del resurgimiento de este fenómeno a partir del concepto freudiano del &quo...
保存先:
| 第一著者: | |
|---|---|
| フォーマット: | テキスト |
| 主題: | |
| タグ: |
タグ追加
タグなし, このレコードへの初めてのタグを付けませんか!
|
MARC
| LEADER | 00000 a a2200000 04500 | ||
|---|---|---|---|
| 001 | 46094 | ||
| 003 | |||
| 040 | |||
| 100 | |a Espinoza Rivera, Jerry | ||
| 245 | |a El resurgimiento de la xenofobia y la crisis del multiculturalismo: |b una lectura desde el psicoanálisis / |c Jerry Espinoza Rivera | ||
| 520 | |a Este artículo pretende abordar el tema de la xenofobia partiendo de los aportes de la teoría psicoanalítica freudiana y lacaniana, así como de la propuesta de la democracia agonística de Mouffe. Se propone una interpretación del resurgimiento de este fenómeno a partir del concepto freudiano del "narcicismo de las pequeñas diferencias" y la formulación lacaniana del estadio del espejo y la constitución del registro imaginario del yo, el cual tiene una estructura paranoica. Finalmente, coloca como alternativa la propuesta de la democracia agonística planteada por Mouffe. | ||
| 590 | |a AMB/MAYO2014 | ||
| 650 | |a A)PLURALISMO | ||
| 650 | |a B)RELACIONES RACIALES | ||
| 650 | |a C)DISCRIMINACION RACIAL | ||
| 650 | |a D)XENOFOBIA | ||
| 650 | |a E)PSICOANALISIS | ||
| 773 | |g volumen50, número127 ( , 2011), páginas 33-37 | ||
| 999 | |c 32672 |d 32672 | ||
